000 00356nam a2200145Ia 4500
008 240624s9999 xx 000 0 und d
041 _aeng
082 _a519 KAR
100 _aKARUNAKARAN V
245 _aCOMPLEX ANALYSIS
250 _a(2nd ed.)
260 _c2005
_aNew Delhi
_bNarosa Publishing House Pvt. Ltd.
300 _a438 : p.
365 _cRS
_b30
999 _c12597
_d12597